Fifty years of agronomic research in India
Contents: Climate and crop production; agro-techniques; nutrient management; weed management; cropping systems research; management of proble soils.
Đã lưu trong:
| 格式: | 圖書 |
|---|---|
| 語言: | Undetermined |
| 出版: |
New Delhi
Indian Society Of Agronnomy
1998
|
| 主題: | |
| 標簽: |
添加標簽
沒有標簽, 成為第一個標記此記錄!
|
| Thư viện lưu trữ: | Trung tâm Học liệu Trường Đại học Cần Thơ |
|---|
| LEADER | 00701nam a2200193Ia 4500 | ||
|---|---|---|---|
| 001 | CTU_138515 | ||
| 008 | 210402s9999 xx 000 0 und d | ||
| 082 | |a 630 | ||
| 082 | |b F469 | ||
| 245 | 0 | |a Fifty years of agronomic research in India | |
| 245 | 0 | |c R.L.Yadav ... [et al.] editor | |
| 260 | |a New Delhi | ||
| 260 | |b Indian Society Of Agronnomy | ||
| 260 | |c 1998 | ||
| 520 | |a Contents: Climate and crop production; agro-techniques; nutrient management; weed management; cropping systems research; management of proble soils. | ||
| 650 | |a Agriculture,Nông nghiệp | ||
| 650 | |x Research,Nghiên cứu | ||
| 904 | |i Tuyến | ||
| 980 | |a Trung tâm Học liệu Trường Đại học Cần Thơ | ||